Musical by Lyrics Quiz Stats

 Plays Quiz Updated Jun 8, 2018

Score 0/20 Timer 06:00
3 Plays Today
Lyrics Show % Correct
Summer lovin' had me a blast, summer lovin', happened so fast I met a girl crazy for me I met a boy, cute as can beGrease
94.4%
No one cares for you a smidge when you're in an orphanage It's the hard-knock lifeAnnie
92.2%
If I were a rich man, Ya ha deedle deedle, bubba bubba deedle deedle dumFiddler on the Roof
79.8%
Good morning Baltimore every day's like an open door, every night is a fantasyHairspray
78.5%
Climb every mountain, ford every stream, follow every rainbow, til you find your dreamThe Sound of Music
76.3%
In daylights, in sunsets, in midnights, in cups of coffee. In inches, in miles, in laughter, in strifeRent
73.2%
I know a whoopee spot where the gin is cold but the piano's hotChicago
68.8%
Springtime for Hitler and Germany Deutschland is happy and gay! We're marching to a faster pace Look out, here comes the master race! The Producers
66.3%
In sleep he sang to me, in dreams he came... that voice which calls to me and speaks my nameThe Phantom of the Opera
66.3%
This is the dawning of the age of Aquarius The age of Aquarius Aquarius! Aquarius!Hair
65.5%
Lyrics Show % Correct
You won't fail, find your grail. Find your grai-a-a-a-ail, find your grailSpamalot
60.5%
I love him, But when the night is over, He is gone, The river's just a riverLes Miserables
56.2%
Chicks and ducks and geese better scurry When I take you out in the surrey When I take you out in the surrey with the fringe on topOklahoma
53.6%
Ease on down, ease on down the road, come on, ease on downThe Wiz
49.4%
Willkommen, bienvenue, welcome! Fremde, etranger, strangerCabaret
46.8%
I was cheated by you and I think you know when. So I made up my mind, it must come to an endMamma Mia
44.4%
You'll be swell, you'll be great, gonna have the whole world on a plateGypsy
28.1%
And suddenly I'm flying. Flying like a bird Like Electricity, electricityBilly Elliot, The Musical
26.8%
With one look I'll ignite a blaze I'll return to my glory days They'll say, 'Norma's back at last!'Sunset Boulevard
19.6%
A toast to that invincible bunch, The dinosaurs surviving the crunch. Let's hear it for the ladies who lunchCompany
17.5%

You're not logged in!

Compare scores with friends on all Sporcle quizzes.
OR
Log In

Show Comments

Extras

Top Quizzes Today


Score Distribution

Your Account Isn't Verified!

In order to create a playlist on Sporcle, you need to verify the email address you used during registration. Go to your Sporcle Settings to finish the process.

Report this User

Report this user for behavior that violates our Community Guidelines.

Details: